000 00668nam a2200217Ia 4500
005 20241129110118.0
008 241129s9999||||xx |||||||||||||| ||und||
020 _a978-0-367-74635-3
037 _aTB
040 _aARTS
_beng
_cARTS
041 _aeng
_2eng
084 _aQ2 R1
_qARTS
100 _aSherma Rita D. Ed.; Bilimoria Purushottama Ed.
_9727247
245 0 _aContemplative studies and hinduism: meditation, devotion, prayer, and worship
_cSherma Rita D. Ed.; Bilimoria Purushottama Ed.
260 _aUK
_bRoutledge
_c2022
300 _axiv,213p.
365 _aINR
_b995
650 _aHinduism
942 _cTB
_hQ2 R1
999 _c1227349
_d1227349